[Event "Moscow op-B"]
[Site "Moscow"]
[Date "2009.02.01"]
[Round "3"]
[White "Babkin, Ivan"]
[Black "Saraev, Anton"]
[Result "0-1"]
[WhiteElo "1890"]
[BlackElo "2119"]
[PlyCount "92"]
[EventDate "2009.01.31"]
[EventType "swiss"]
[EventRounds "9"]
[EventCountry "RUS"]
[SourceTitle "EXT 2012"]
[Source "ChessBase"]
[SourceDate "2011.11.24"]
[SourceVersion "1"]
[SourceVersionDate "2011.11.24"]
[SourceQuality "1"]

1. d4 Nf6 2. Nc3 d5 3. Bg5 Bf5 4. f3 Nbd7 5. e3 c6 6. Bd3 Bxd3 7. Qxd3 Qb6 8. Rb1 e5 9. dxe5 Nxe5 10. Qd4 Ned7 11. Qxb6 axb6 12. Nge2 g6 13. 0-0 Bg7 14. Nd4 0-0 15. Rfe1 Rfe8 16. Rbd1 h6 17. Bh4 b5 18. a3 Ne5 19. Bf2 Nc4 20. Rb1 Re7 21. Nd1 Rae8 22. c3 Kh7 23. Re2 Nd7 24. Bh4 g5 25. Bf2 Kg6 26. h4 Nf6 27. g4 gxh4 28. Nf5 Re6 29. Bxh4 h5 30. Nd4 Re5 31. Bg3 R5e7 32. Nf5 Rd7 33. Nxg7 Kxg7 34. g5 Nh7 35. f4 Nd6 36. Kf2 f6 37. gxf6+ Nxf6 38. Kf3 Nf5 39. Be1 Rde7 40. b3 Kf7 41. Rbb2 Ng4 42. Bf2 Rg8 43. Re1 d4 44. Bg1 dxe3 45. Nxe3 Ngxe3 46. Bxe3 Rg3+ 0-1